| 000 | 00384nam a2200145 i 4500 | ||
|---|---|---|---|
| 001 | bg | ||
| 100 | 1 | _aSALAEW, A. M. | |
| 245 | 0 |
_aRadiacionng-stimulirowannoe izmenanie elektronnoj struktury / _cA.M. Salaew, A.A. Adamenko. |
|
| 260 |
_aSzczecin, _c1977. |
||
| 700 | 1 | _aADAMENKO, A. A. | |
| 040 | _cBPK | ||
| 041 | _apol | ||
| 942 | _cKS | ||
| 008 | s pl f |000 0 pol | ||
| 999 |
_c27651 _d27651 |
||
| 856 |
_uhttp://koha.tu.koszalin.pl/cgi-bin/koha/opac-detail.pl?biblionumber=27651 _yKatalog online BPK |
||